000 00345nam a22001337a 4500
020 _a9780070657397
040 _cNust
082 _a621.815
_bULL
100 _aDavid Ullman
_9127530
245 _aThe Mechanical Design Process
260 _aNew York:
_bMcGraw Hill,
_c1992.
650 _aThe Mechanical Design Process
_9112288
942 _2ddc
_cBK
999 _c612628
_d612628